Diccionario de medicina / (Registro nro. 55748)
[ vista simple ]
| 000 -LEADER | |
|---|---|
| fixed length control field | 01123cam a2200325 i 4500 |
| 001 - CONTROL NUMBER | |
| control field | 55748 |
| 003 - CONTROL NUMBER IDENTIFIER | |
| control field | Mx-PuUPA |
| 005 - DATE AND TIME OF LATEST TRANSACTION | |
| control field | 20260120145815.0 |
| 008 - FIXED-LENGTH DATA ELEMENTS--GENERAL INFORMATION | |
| fixed length control field | 140415s2001 sp a fr 001 0 spa d |
| 017 ## - COPYRIGHT OR LEGAL DEPOSIT NUMBER | |
| Copyright or legal deposit number | NA.1.298-2001 |
| 017 ## - COPYRIGHT OR LEGAL DEPOSIT NUMBER | |
| Copyright or legal deposit number | M-5942-2000 |
| 020 ## - INTERNATIONAL STANDARD BOOK NUMBER | |
| International Standard Book Number | 8423990796 |
| 040 ## - CATALOGING SOURCE | |
| Original cataloging agency | MX-PuUPA |
| Language of cataloging | spa |
| Description conventions | rda |
| Transcribing agency | Mx-PuUPA |
| Modifying agency | Mx-PuUPA |
| 041 0# - LANGUAGE CODE | |
| Language code of text/sound track or separate title | spa |
| 110 2# - MAIN ENTRY--CORPORATE NAME | |
| Corporate name or jurisdiction name as entry element | Universidad de Navarra. |
| Subordinate unit | Facultad de Medicina |
| 9 (RLIN) | 4175 |
| 245 10 - TITLE STATEMENT | |
| Title | Diccionario de medicina / |
| Statement of responsibility, etc. | Facultad de Medicina de la Universidad de Navarra |
| 264 #1 - PRODUCTION, PUBLICATION, DISTRIBUTION, MANUFACTURE, AND COPYRIGHT NOTICE | |
| Place of production, publication, distribution, manufacture | España : |
| Name of producer, publisher, distributor, manufacturer | Espasa Calpe, |
| Date of production, publication, distribution, manufacture, or copyright notice | 2001 |
| 300 ## - PHYSICAL DESCRIPTION | |
| Extent | 1274 páginas : |
| Other physical details | ilustraciones (principalmente a color) ; |
| Dimensions | 26 cm + |
| Accompanying material | 1 disco de computadora (4 3/4 pulg.) |
| 336 ## - CONTENT TYPE | |
| Content type term | texto |
| Fuente | rdacontent |
| Content type code | txt |
| 336 ## - CONTENT TYPE | |
| Content type term | programa para computadora |
| Fuente | rdacontent |
| Content type code | cop |
| 337 ## - MEDIA TYPE | |
| Media type term | sin mediación |
| Source | rdamedia |
| Media type code | n |
| 337 ## - MEDIA TYPE | |
| Media type term | computadora |
| Source | rdamedia |
| Media type code | c |
| 338 ## - CARRIER TYPE | |
| Carrier type term | volumen |
| Source | rdacarrier |
| Carrier type code | nc |
| 338 ## - CARRIER TYPE | |
| Carrier type term | disco de computadora |
| Source | rdacarrier |
| Carrier type code | cd |
| 650 #7 - SUBJECT ADDED ENTRY--TOPICAL TERM | |
| Topical term or geographic name entry element | Medicina |
| Form subdivision | Diccionarios |
| Source of heading or term | armarc |
| 942 ## - ADDED ENTRY ELEMENTS (KOHA) | |
| Source of classification or shelving scheme | Dewey Decimal Classification |
| Koha item type | Libro |
| Classification part | 610.03 |
| Item part | D54 |
| Withdrawn status | Lost status | Source of classification or shelving scheme | Damaged status | Not for loan | Collection code | Home library | Current library | Shelving location | Date acquired | Source of acquisition | Total Checkouts | Full call number | Barcode | Date last seen | Copy number | Price effective from | Koha item type | Checked out | Date last checked out | Total Renewals |
|---|---|---|---|---|---|---|---|---|---|---|---|---|---|---|---|---|---|---|---|---|
| Dewey Decimal Classification | Referencia | Biblioteca Karol Wojtyla | Biblioteca Karol Wojtyla | Área de silencio | 03/12/2013 | Compra | 610.03 D54 2001 | 83794 | 05/01/2026 | Ej.6 | 28/05/2018 | Libro R | ||||||||
| Dewey Decimal Classification | Referencia | Biblioteca Karol Wojtyla | Biblioteca Karol Wojtyla | Área de silencio | 03/12/2013 | Compra | 610.03 D54 2001 | 83795 | 05/01/2026 | Ej.7 | 28/05/2018 | Libro R | ||||||||
| Dewey Decimal Classification | General | Biblioteca Karol Wojtyla | Biblioteca Karol Wojtyla | Sala general | 03/12/2013 | Compra | 7 | 610.03 DIC 2001 | 83799 | 03/10/2019 | 28/05/2018 | Libro | 17/10/2019 | 03/10/2019 | ||||||
| Dewey Decimal Classification | Referencia | Biblioteca Karol Wojtyla | Biblioteca Karol Wojtyla | Área de silencio | 03/12/2013 | Compra | 20 | 610.03 D54 2001 | 83797 | 06/02/2026 | Ej.3 | 28/05/2018 | Libro R | 14/03/2024 | 3 | |||||
| Dewey Decimal Classification | Referencia | Biblioteca Karol Wojtyla | Biblioteca Karol Wojtyla | Área de silencio | 03/12/2013 | Compra | 19 | 610.03 D54 2001 | 83798 | 06/02/2026 | Ej.2 | 24/04/2017 | Libro R | 13/08/2024 | 3 | |||||
| Extraviado | Dewey Decimal Classification | Biblioteca Karol Wojtyla | Biblioteca Karol Wojtyla | 03/12/2013 | Compra | 610.03 DUR | 25808 | 03/12/2013 | Libro | |||||||||||
| Dewey Decimal Classification | Referencia | Biblioteca Karol Wojtyla | Biblioteca Karol Wojtyla | Área de silencio | 03/12/2013 | Compra | 610.03 D54 2001 | 83796 | 06/02/2026 | 28/05/2018 | Libro R | 22/01/2015 | ||||||||
| Dewey Decimal Classification | Referencia | Biblioteca Karol Wojtyla | Biblioteca Karol Wojtyla | Área de silencio | 03/12/2013 | Compra | 610.03 D54 2001 | 83793 | 06/02/2026 | Ej.4 | 28/05/2018 | Libro R | ||||||||
| Dewey Decimal Classification | Referencia | Biblioteca Karol Wojtyla | Biblioteca Karol Wojtyla | Área de silencio | 03/12/2013 | Compra | 610.03 D54 2001 | 83792 | 06/02/2026 | Ej.5 | 28/05/2018 | Libro R | ||||||||
| Dewey Decimal Classification | Audiovisual | Biblioteca Karol Wojtyla | Biblioteca Karol Wojtyla | Módulo de circulación | 20/01/2026 | 610.03 D54 2001 | 700670 | 20/01/2026 | 20/01/2026 | Cd-Rom | ||||||||||
| Dewey Decimal Classification | Audiovisual | Biblioteca Karol Wojtyla | Biblioteca Karol Wojtyla | Módulo de circulación | 20/01/2026 | 610.03 D54 2001 | 700671 | 20/01/2026 | 20/01/2026 | Cd-Rom | ||||||||||
| Dewey Decimal Classification | Audiovisual | Biblioteca Karol Wojtyla | Biblioteca Karol Wojtyla | Módulo de circulación | 20/01/2026 | 610.03 D54 2001 | 700672 | 20/01/2026 | 20/01/2026 | Cd-Rom | ||||||||||
| Dewey Decimal Classification | Audiovisual | Biblioteca Karol Wojtyla | Biblioteca Karol Wojtyla | Módulo de circulación | 20/01/2026 | 610.03 D54 2001 | 700673 | 20/01/2026 | 20/01/2026 | Cd-Rom | ||||||||||
| Dewey Decimal Classification | Audiovisual | Biblioteca Karol Wojtyla | Biblioteca Karol Wojtyla | Módulo de circulación | 20/01/2026 | 610.03 D54 2001 | 700674 | 20/01/2026 | 20/01/2026 | Cd-Rom | ||||||||||
| Dewey Decimal Classification | Audiovisual | Biblioteca Karol Wojtyla | Biblioteca Karol Wojtyla | Módulo de circulación | 20/01/2026 | 610.03 D54 2001 | 700675 | 20/01/2026 | 20/01/2026 | Cd-Rom | ||||||||||
| Dewey Decimal Classification | Audiovisual | Biblioteca Karol Wojtyla | Biblioteca Karol Wojtyla | Módulo de circulación | 20/01/2026 | 610.03 D54 2001 | 700676 | 20/01/2026 | 20/01/2026 | Cd-Rom |